[Event "Serbia op-A"]
[Site "Belgrade"]
[Date "2025.07.14"]
[Round "5"]
[White "Bukreev, Stanislav"]
[Black "Li, Xueyi"]
[Result "1-0"]
[WhiteElo "2305"]
[BlackElo "2220"]
[PlyCount "151"]
[EventDate "2025.07.14"]
[EventType "swiss"]
[EventRounds "9"]
[EventCountry "SRB"]
[SourceTitle "CB30_2025"]
[SourceDate "2025.07.23"]
[SourceVersion "1"]
[SourceVersionDate "2025.07.23"]
[SourceQuality "1"]

1. d4 d5 2. c4 c6 3. Nf3 Nf6 4. Nc3 dxc4 5. a4 Bf5 6. Ne5 Nbd7 7. Nxc4 Nb6 8. Ne5 a5 9. f3 Nfd7 10. Nxd7 Bxd7 11. e4 e6 12. Be3 Bb4 13. Be2 0-0 14. 0-0 Rc8 15. Rc1 c5 16. dxc5 Bxc5 17. Bxc5 Rxc5 18. Qd4 Rc8 19. b3 Bc6 20. Qe3 Nd7 21. Rfd1 Qe7 22. Nb5 Bxb5 23. Bxb5 Rxc1 24. Rxc1 Qd6 25. Qa7 Qd2 26. Rf1 Ne5 27. Qxb7 Qe3+ 28. Kh1 Nd3 29. Bxd3 Qxd3 30. Rg1 h6 31. h3 Qd2 32. Qc7 Rd8 33. Qc1 Qd3 34. Qc4 Qd2 35. Qc1 Qd3 36. Qb1 Qd2 37. Qe1 Qb2 38. Qxa5 Rb8 39. Qc7 Rxb3 40. a5 Ra3 41. a6 Qb5 42. Qd8+ Kh7 43. Qe7 Qxa6 44. Qxf7 Ra1 45. Qf4 Rxg1+ 46. Kxg1 Qa1+ 47. Kh2 Qd4 48. Kg3 Qc3 49. Qd6 Qf6 50. Qf4 Qc3 51. Qb8 Qf6 52. Kh2 Qd4 53. Qc7 Kg6 54. Qg3+ Kh7 55. Qf4 Kg8 56. Kg3 Kh7 57. Qc1 Qe5+ 58. Kf2 Qd4+ 59. Qe3 Qb2+ 60. Qe2 Qe5 61. Qe3 Qb2+ 62. Kg3 Qe5+ 63. f4 Qb8 64. Kf3 Qb7 65. Qd3 Kh8 66. Qc4 Qd7 67. Qc2 Kh7 68. Kg3 Qe7 69. Kh2 Qf7 70. Kg3 Qe7 71. Qc3 Qb7 72. Qe5 Qb3+ 73. Kh2 g6 74. Qc7+ Kg8 75. Qd8+ Kg7 76. Qe7+ 1-0

[Event "Serbia op-A"]
[Site "Belgrade"]
[Date "2025.07.14"]
[Round "9"]
[White "Bukreev, Stanislav"]
[Black "Omorjan, Dejan"]
[Result "1/2-1/2"]
[WhiteElo "2305"]
[BlackElo "2347"]
[PlyCount "203"]
[EventDate "2025.07.14"]
[EventType "swiss"]
[EventRounds "9"]
[EventCountry "SRB"]
[SourceTitle "CB30_2025"]
[SourceDate "2025.07.23"]
[SourceVersion "1"]
[SourceVersionDate "2025.07.23"]
[SourceQuality "1"]

1. d4 Nf6 2. c4 g6 3. Nc3 d5 4. cxd5 Nxd5 5. e4 Nxc3 6. bxc3 Bg7 7. Nf3 c5 8. Be3 Qa5 9. Qd2 Nc6 10. Rb1 a6 11. Rc1 cxd4 12. cxd4 Qxd2+ 13. Kxd2 e6 14. Bd3 0-0 15. h4 h6 16. e5 Rd8 17. h5 g5 18. Nxg5 Nxd4 19. Bh7+ Kf8 20. Nxf7 Kxf7 21. Rc7+ Kf8 22. Rd1 Nf5+ 23. Ke2 Rxd1 24. Bc5+ Ke8 25. Kxd1 Bd7 26. Bg6+ Kd8 27. Bb6 Rc8 28. Rxb7+ Ke7 29. f4 Rc4 30. g4 Rxf4 31. gxf5 Bxe5 32. Be3 Rf1+ 33. Ke2 Ra1 34. Bxh6 Rxa2+ 35. Ke3 Bf6 36. fxe6 Ra3+ 37. Ke4 Ra4+ 38. Kd5 Ra5+ 39. Kc4 Kxe6 40. Rb6+ Ke5 41. Bd2 Ra4+ 42. Kb3 Bd8 43. Bc3+ Kd5 44. Rb7 Bc6 45. Rb8 Bg5 46. Rg8 Be3 47. Rd8+ Ke6 48. Be8 Bb5 49. Bxb5 axb5 50. Re8+ Kf5 51. Rxe3 Rh4 52. Re5+ Kg4 53. Rxb5 Rxh5 54. Rb8 Rc5 55. Rd8 Kf5 56. Kc2 Ke6 57. Re8+ Kf5 58. Kd3 Rd5+ 59. Bd4 Ra5 60. Rf8+ Kg4 61. Ke4 Ra4 62. Rg8+ Kh4 63. Rg1 Rb4 64. Ke5 Kh3 65. Be3 Rg4 66. Ra1 Rb4 67. Kf5 Kg3 68. Ra3 Kg2 69. Bf4 Kf2 70. Rd3 Ke2 71. Rd2+ Kf3 72. Rd3+ Ke2 73. Rh3 Rb7 74. Re3+ Kf2 75. Ra3 Rf7+ 76. Ke4 Re7+ 77. Be5 Ke2 78. Ra6 Re8 79. Kd4 Rd8+ 80. Bd6 Re8 81. Ra2+ Kf3 82. Bc5 Re2 83. Ra8 Re1 84. Rf8+ Kg4 85. Bd6 Rd1+ 86. Ke5 Re1+ 87. Kd5 Re2 88. Be5 Ra2 89. Ke6 Ra6+ 90. Bd6 Ra4 91. Rg8+ Kf3 92. Rg3+ Ke2 93. Kd5 Ra8 94. Bc5 Rd8+ 95. Kc4 Re8 96. Ra3 Re6 97. Kd4 Re8 98. Ra2+ Kf3 99. Kd3 Rd8+ 100. Bd4 Rb8 101. Rb2 Rxb2 102. Bxb2 1/2-1/2

[Event "Cesme op-A 11th"]
[Site "Izmir"]
[Date "2025.06.28"]
[Round "8"]
[White "Dudin, Gleb"]
[Black "Bukreev, Stanislav"]
[Result "1-0"]
[WhiteElo "2574"]
[BlackElo "2305"]
[PlyCount "100"]
[EventDate "2025.06.23"]
[EventType "swiss"]
[EventRounds "9"]
[EventCountry "TUR"]
[SourceTitle "CB27_2025"]
[SourceDate "2025.07.02"]
[SourceVersion "1"]
[SourceVersionDate "2025.07.02"]
[SourceQuality "1"]

1. e4 e6 2. d4 d5 3. Nc3 Nf6 4. e5 Nfd7 5. f4 c5 6. Nf3 Nc6 7. Be3 cxd4 8. Nxd4 Qb6 9. Qd2 Qxb2 10. Rb1 Qa3 11. Bb5 Nxd4 12. Bxd4 a6 13. Bxd7+ Bxd7 14. Rb3 Qe7 15. 0-0 b5 16. f5 Rc8 17. f6 gxf6 18. Rxf6 Rg8 19. Ne2 Rg6 20. Nf4 Rxf6 21. exf6 Qd6 22. Nd3 b4 23. Rxb4 Bb5 24. Rb1 Qa3 25. Ne5 Qxa2 26. Rc1 h6 27. h3 Bd6 28. Kh1 Bxe5 29. Qb4 Bxf6 30. Bxf6 Kd7 31. Qe7+ Kc6 32. Qxf7 Qc4 33. Re1 Rc7 34. Qxe6+ Kb7 35. Be5 Rd7 36. Qxh6 d4 37. Bg3 d3 38. cxd3 Rxd3 39. Rc1 Qxc1+ 40. Qxc1 Rxg3 41. Kh2 Rg6 42. g4 a5 43. Qc5 Ka6 44. g5 Rc6 45. Qa3 a4 46. h4 Rc2+ 47. Kg1 Rd2 48. Qc3 Rd3 49. Qf6+ Ka5 50. h5 a3 1-0

[Event "Cesme op-A 11th"]
[Site "Izmir"]
[Date "2025.06.26"]
[Round "5"]
[White "Ilgaz, Yusuf Kerem"]
[Black "Bukreev, Stanislav"]
[Result "1/2-1/2"]
[WhiteElo "2101"]
[BlackElo "2305"]
[PlyCount "95"]
[EventDate "2025.06.23"]
[EventType "swiss"]
[EventRounds "9"]
[EventCountry "TUR"]
[SourceTitle "CB27_2025"]
[SourceDate "2025.07.02"]
[SourceVersion "1"]
[SourceVersionDate "2025.07.02"]
[SourceQuality "1"]

1. d4 Nf6 2. c4 e6 3. Nf3 d5 4. Nc3 c6 5. e3 Nbd7 6. Be2 dxc4 7. Bxc4 b5 8. Bd3 Bb7 9. 0-0 Bd6 10. Qc2 0-0 11. Bd2 a6 12. Ng5 Bxh2+ 13. Kxh2 Ng4+ 14. Kg3 Qxg5 15. f4 Qe7 16. Kxg4 f5+ 17. Kg3 c5 18. Rh1 g5 19. Rag1 gxf4+ 20. exf4 cxd4 21. Ne2 Rac8 22. Qd1 Be4 23. Bxe4 fxe4 24. Nxd4 Nf6 25. Rh4 Rfd8 26. Be3 Kh8 27. Kf2 e5 28. fxe5 Qxe5 29. Rgh1 Rc4 30. R1h3 Rdxd4 31. Bxd4 Rxd4 32. Qe2 Qd6 33. Ke1 Rd5 34. Rc3 Kg7 35. Rhh3 b4 36. Rc2 h5 37. Rd2 Ng4 38. Rxd5 Qxd5 39. Qxa6 Qc5 40. Qb7+ Kh6 41. Qxe4 Qc1+ 42. Ke2 Qxb2+ 43. Ke1 Qa1+ 44. Kd2 Qxa2+ 45. Kc1 Qa1+ 46. Kc2 Qa2+ 47. Kc1 Qa1+ 48. Kc2 1/2-1/2

[Event "Titled Tuesday intern op 03rd Jan Late"]
[Site "Chess.com INT"]
[Date "2025.06.03"]
[Round "6"]
[White "Antoniou, Rafail"]
[Black "Bukreev, Stanislav"]
[Result "1-0"]
[WhiteElo "2134"]
[BlackElo "2328"]
[PlyCount "101"]
[EventDate "2025.06.03"]
[EventType "swiss (blitz)"]
[EventRounds "11"]
[EventCountry "USA"]
[SourceTitle "CB24_2025"]
[SourceDate "2025.06.11"]
[SourceVersion "1"]
[SourceVersionDate "2025.06.11"]
[SourceQuality "1"]

1. e4 e6 2. Qe2 c5 3. Nf3 Nc6 4. d3 g6 5. g3 Bg7 6. Bg2 Nge7 7. 0-0 0-0 8. c3 e5 9. Na3 d6 10. Nc2 h6 11. b4 a6 12. a4 Be6 13. b5 axb5 14. axb5 Ra2 15. Rxa2 Bxa2 16. bxc6 Nxc6 17. Ne3 Be6 18. Nd5 f5 19. Nh4 Kh7 20. exf5 gxf5 21. Qh5 Qe8 22. Qxe8 Rxe8 23. Nc7 Re7 24. Nxe6 Rxe6 25. Nxf5 Ne7 26. Nxe7 Rxe7 27. Be3 b5 28. Rb1 c4 29. dxc4 bxc4 30. Bd5 Rc7 31. Rb4 e4 32. Rxc4 Rxc4 33. Bxc4 Bxc3 34. Bd5 Kg7 35. Bxe4 h5 36. h4 Kf6 37. Kf1 Ke5 38. Bf3 d5 39. Ke2 d4 40. Bf4+ Kf5 41. Bxh5 Ba5 42. Bf3 Bb6 43. Kd3 Bc5 44. Be4+ Kg4 45. Be5 Bb4 46. Bxd4 Be1 47. Ke2 Bb4 48. Be3 Bd6 49. Kf1 Bxg3 50. fxg3 Kh3 51. h5 1-0

[Event "Titled Tuesday intern op 20th May Late"]
[Site "Chess.com INT"]
[Date "2025.05.20"]
[Round "4"]
[White "Baskakov, Egor"]
[Black "Bukreev, Stanislav"]
[Result "1-0"]
[WhiteElo "2215"]
[BlackElo "2328"]
[PlyCount "106"]
[EventDate "2025.05.20"]
[EventType "swiss (blitz)"]
[EventRounds "11"]
[EventCountry "USA"]
[SourceTitle "CB22_2025"]
[SourceDate "2025.05.28"]
[SourceVersion "1"]
[SourceVersionDate "2025.05.28"]
[SourceQuality "1"]

1. e4 e6 2. g3 c5 3. Bg2 Nc6 4. Ne2 g6 5. d4 cxd4 6. Nxd4 d6 7. 0-0 a6 8. c4 Bg7 9. Be3 Nge7 10. Nc3 0-0 11. Rc1 e5 12. Nb3 f5 13. Nd5 Nxd5 14. Qxd5+ Kh8 15. exf5 gxf5 16. Bd2 Ne7 17. Qd3 e4 18. Qe2 Nc6 19. Rfd1 Qe7 20. Bc3 Ne5 21. Nd4 Bd7 22. Bb4 Rad8 23. Nb3 Be6 24. Nd4 Bc8 25. b3 Rfe8 26. Ba5 Rd7 27. Nxf5 Qf8 28. Nxg7 Rxg7 29. Bc3 Bg4 30. Qe3 Bxd1 31. Rxd1 Kg8 32. Qxe4 Rf7 33. f4 Nc6 34. Qd5 Qe7 35. Re1 Qd7 36. Qg5+ Kf8 37. Qh6+ Kg8 38. Bd5 Rxe1+ 39. Bxe1 Nd8 40. Ba5 Qe8 41. Bxd8 Qe1+ 42. Kg2 Qe2+ 43. Kh3 Qf1+ 44. Kh4 Qe2 45. Bxf7+ Kxf7 46. Qf6+ Kg8 47. Qg5+ Kf7 48. Qe7+ Qxe7+ 49. Bxe7 Kxe7 50. Kg5 b5 51. f5 a5 52. a4 d5 53. cxd5 b4 1-0

[Event "RUS-chT 32nd"]
[Site "Sochi"]
[Date "2025.05.04"]
[Round "8.5"]
[White "Obgolts, Erik"]
[Black "Bukreev, Stanislav"]
[Result "1/2-1/2"]
[WhiteElo "2377"]
[BlackElo "2328"]
[PlyCount "49"]
[EventDate "2025.04.26"]
[EventType "team-swiss"]
[EventRounds "9"]
[EventCountry "RUS"]
[SourceTitle "CB19_2025"]
[SourceDate "2025.05.07"]
[SourceVersion "1"]
[SourceVersionDate "2025.05.07"]
[SourceQuality "1"]
[WhiteTeam "Novosibirsk GAU"]
[BlackTeam "Moscow Temus Tim"]
[WhiteTeamCountry "RUS"]
[BlackTeamCountry "RUS"]

1. e4 e6 2. d4 d5 3. Nc3 Nf6 4. Bg5 dxe4 5. Nxe4 Nbd7 6. Nf3 h6 7. Nxf6+ Nxf6 8. Be3 Bd6 9. Bd3 0-0 10. Qe2 b6 11. 0-0-0 Bb7 12. Rhg1 Nd5 13. Bd2 Nf4 14. Bxf4 Bxf4+ 15. Kb1 Qf6 16. Ne5 Bxe5 17. dxe5 Qf4 18. g3 Qf3 19. Rd2 Qxe2 20. Bxe2 Rfd8 21. Rgd1 Rxd2 22. Rxd2 Bd5 23. c4 Bc6 24. b4 Kf8 25. Kb2 1/2-1/2

[Event "RUS-chT 32nd"]
[Site "Sochi"]
[Date "2025.04.28"]
[Round "3.5"]
[White "Bukreev, Stanislav"]
[Black "Puzyrevsky, Semen"]
[Result "1/2-1/2"]
[WhiteElo "2328"]
[BlackElo "2253"]
[PlyCount "145"]
[EventDate "2025.04.26"]
[EventType "team-swiss"]
[EventRounds "9"]
[EventCountry "RUS"]
[SourceTitle "CB19_2025"]
[SourceDate "2025.05.07"]
[SourceVersion "1"]
[SourceVersionDate "2025.05.07"]
[SourceQuality "1"]
[WhiteTeam "Moscow Temus Tim"]
[BlackTeam "St Petersburg SSHOR"]
[WhiteTeamCountry "RUS"]
[BlackTeamCountry "RUS"]

1. d4 Nf6 2. c4 e6 3. Nf3 d5 4. Nc3 Be7 5. Bf4 0-0 6. a3 b6 7. cxd5 exd5 8. e3 a6 9. Bd3 Nbd7 10. Ne5 Bb7 11. Qf3 Nxe5 12. Bxe5 Re8 13. 0-0 Bd6 14. Bxf6 Qxf6 15. Qxf6 gxf6 16. Be2 c5 17. Bf3 Rad8 18. Rad1 cxd4 19. exd4 b5 20. Bxd5 Bxd5 21. Nxd5 Re2 22. b4 Bxh2+ 23. Kxh2 Rxd5 24. Rd3 f5 25. Kg3 Re4 26. Rfd1 Kf8 27. f3 f4+ 28. Kf2 Re6 29. Re1 Rxe1 30. Kxe1 Ke7 31. Rd2 Kd6 32. Ke2 Rg5 33. Kd3 f5 34. Ra2 h5 35. a4 h4 36. axb5 axb5 37. Ra6+ Kd7 38. Rf6 Ke7 39. Rh6 Rxg2 40. Rxh4 Rb2 41. Kc3 Rf2 42. Rxf4 Kf6 43. d5 Ke5 44. d6 Kxd6 45. Rxf5 Ke6 46. Rf8 Ke5 47. f4+ Kd5 48. Rd8+ Ke6 49. Re8+ Kd6 50. Rd8+ Ke6 51. Rf8 Ke7 52. Rf5 Ke6 53. Rxb5 Rxf4 54. Rc5 Kd6 55. Kb3 Rf8 56. Kc4 Rh8 57. Kb3 Rf8 58. Rc3 Rb8 59. Rc1 Kd7 60. Rc4 Kd6 61. Ka4 Kd5 62. Rc1 Ra8+ 63. Kb3 Rb8 64. Rc5+ Kd6 65. Rc4 Kd5 66. Rc5+ Kd6 67. Ka4 Ra8+ 68. Ra5 Rb8 69. Rc5 Ra8+ 70. Kb5 Rb8+ 71. Kc4 Rh8 72. Kb5 Rb8+ 73. Ka4 1/2-1/2

[Event "Moscow Aeroflot op-A"]
[Site "Moscow"]
[Date "2025.03.03"]
[Round "4"]
[White "Tekeyev, Zaur"]
[Black "Bukreev, Stanislav"]
[Result "0-1"]
[WhiteElo "2412"]
[BlackElo "2321"]
[PlyCount "74"]
[EventDate "2025.03.01"]
[EventType "swiss"]
[EventRounds "9"]
[EventCountry "RUS"]
[SourceTitle "CB11_2025"]
[SourceDate "2025.03.12"]
[SourceVersion "1"]
[SourceVersionDate "2025.03.12"]
[SourceQuality "1"]

1. e4 e6 2. d4 d5 3. Nd2 c5 4. exd5 Qxd5 5. Ngf3 cxd4 6. Bc4 Qd6 7. Ne4 Qb4+ 8. Nfd2 Nd7 9. Bb3 Ngf6 10. c3 dxc3 11. bxc3 Qb5 12. Nxf6+ gxf6 13. Nf3 Nc5 14. Bc2 b6 15. Rb1 Qc6 16. 0-0 Bb7 17. Bf4 h5 18. Bg3 Rg8 19. Rb4 Be7 20. Ne1 a5 21. Rf4 e5 22. Rh4 f5 23. Rxh5 f4 24. Rxe5 fxg3 25. fxg3 Rg5 26. Bf5 Kf8 27. Nf3 Bf6 28. Qe2 Rg8 29. Bh3 Re8 30. Qf2 Ne4 31. Rxe8+ Kxe8 32. Qe2 Kf8 33. c4 Rh8 34. Qc2 Kg7 35. Qe2 Qc5+ 36. Kh1 Rxh3 37. gxh3 Ng5 0-1

[Event "Titled Tuesday intern op 04th Feb Late"]
[Site "Chess.com INT"]
[Date "2025.02.04"]
[Round "3"]
[White "Bukreev, Stanislav"]
[Black "Santos Latasa, Jaime"]
[Result "0-1"]
[WhiteElo "2321"]
[BlackElo "2631"]
[PlyCount "162"]
[EventDate "2025.02.04"]
[EventType "swiss (blitz)"]
[EventRounds "11"]
[EventCountry "USA"]
[SourceTitle "CB07_2025"]
[SourceDate "2025.02.12"]
[SourceVersion "1"]
[SourceVersionDate "2025.02.12"]
[SourceQuality "1"]

1. d4 Nf6 2. c4 e6 3. Nf3 d5 4. Nc3 Nbd7 5. Bf4 Bb4 6. cxd5 exd5 7. e3 Ne4 8. Qc2 g5 9. Be5 f6 10. Bg3 h5 11. h4 g4 12. Nd2 Nxg3 13. Qg6+ Kf8 14. fxg3 c6 15. Bd3 Qe7 16. 0-0-0 Qg7 17. Qxg7+ Kxg7 18. Ne2 Nb6 19. Nf4 Bd6 20. Rde1 f5 21. Rhf1 Bd7 22. Nb1 Rae8 23. Nc3 Re7 24. Kd2 Kh6 25. a3 a5 26. Rf2 Rhe8 27. Nd1 Na8 28. Ref1 Rf8 29. Ne2 Ref7 30. Nf4 Nc7 31. Kc3 a4 32. Kd2 Ne8 33. Nc3 b5 34. Na2 Nf6 35. Nb4 Rc8 36. Nc2 c5 37. dxc5 Bxc5 38. Ne2 Ne4+ 39. Bxe4 dxe4 40. Rc1 Bd6 41. Ncd4 Rxc1 42. Kxc1 Rf8 43. Rf1 b4 44. axb4 Bxb4 45. Kb1 Rf6 46. Rc1 Rd6 47. Rc7 Bd2 48. Nc2 Bb5 49. Ned4 Bd7 50. Ka2 Kg6 51. Ka3 Bxe3 52. Nxe3 Rxd4 53. Nc4 Kf6 54. Nb6 Rd3+ 55. Kb4 Rb3+ 56. Ka5 Be6 57. Rc3 Rxb2 58. Nxa4 Rxg2 59. Nc5 Rd2 60. Kb6 Ke5 61. Kc6 Bd5+ 62. Kc7 Kd4 63. Rc1 e3 64. Kd6 e2 65. Re1 Ke3 66. Ke5 Bf3 67. Ne6 Rd1 68. Rxe2+ Kxe2 69. Nf4+ Kf2 70. Nxh5 Rd5+ 71. Kf6 Ra5 72. Kg6 f4 73. gxf4 g3 74. Nxg3 Kxg3 75. f5 Be4 76. h5 Bxf5+ 77. Kg7 Kh4 78. h6 Kg5 79. h7 Ra7+ 80. Kh8 Rxh7+ 81. Kg8 Rc7 0-1

[Event "Titled Tuesday intern op 28th Jan Early"]
[Site "Chess.com INT"]
[Date "2025.01.28"]
[Round "2"]
[White "Firouzja, Alireza"]
[Black "Bukreev, Stanislav"]
[Result "1-0"]
[WhiteElo "2763"]
[BlackElo "2321"]
[PlyCount "67"]
[EventDate "2025.01.28"]
[EventType "swiss (blitz)"]
[EventRounds "11"]
[EventCountry "USA"]
[SourceTitle "CB06_2025"]
[SourceDate "2025.02.05"]
[SourceVersion "1"]
[SourceVersionDate "2025.02.05"]
[SourceQuality "1"]

1. e4 e6 2. d4 d5 3. e5 c5 4. c3 Nc6 5. Nf3 Qb6 6. a3 Nh6 7. b4 cxd4 8. Bxh6 gxh6 9. cxd4 Bd7 10. Ra2 Rg8 11. h3 a5 12. b5 Na7 13. Rb2 Rc8 14. a4 Bb4+ 15. Nbd2 Ke7 16. Rb3 Bc3 17. Bd3 Rxg2 18. Kf1 Rg7 19. Rg1 Rxg1+ 20. Kxg1 Bxd4 21. Qe2 Rc3 22. Nxd4 Qxd4 23. Nf3 Rc1+ 24. Kg2 Qxa4 25. Qb2 Qa1 26. Qd2 Rd1 27. Qf4 a4 28. Qf6+ Ke8 29. Bxh7 axb3 30. Bg8 Rg1+ 31. Nxg1 Bc6 32. Bxf7+ Kd7 33. b6 d4+ 34. Kh2 1-0

[Event "Leninskiy Dokhoian Memorial Rapid"]
[Site "Leninskiy"]
[Date "2024.11.17"]
[Round "7"]
[White "Popov, Konstantin"]
[Black "Bukreev, Stanislav"]
[Result "1-0"]
[WhiteElo "2376"]
[BlackElo "2384"]
[PlyCount "139"]
[EventDate "2024.11.16"]
[EventType "swiss (rapid)"]
[EventRounds "11"]
[EventCountry "RUS"]
[SourceTitle "CB47_2024"]
[SourceDate "2024.11.20"]
[SourceVersion "1"]
[SourceVersionDate "2024.11.20"]
[SourceQuality "1"]

1. e4 e6 2. d4 d5 3. Nc3 Nf6 4. Bg5 dxe4 5. Nxe4 Nbd7 6. Nf3 h6 7. Nxf6+ Nxf6 8. Be3 Bd6 9. Bd3 0-0 10. Qe2 b6 11. 0-0-0 Bb7 12. Kb1 Nd5 13. Bd2 Qf6 14. Be4 Nf4 15. Bxf4 Bxe4 16. Qxe4 Qxf4 17. Qxf4 Bxf4 18. g3 Bd6 19. a4 Rfd8 20. c3 Bf8 21. Kc2 c5 22. Rhf1 Rac8 23. dxc5 Bxc5 24. Nd2 f5 25. f4 Kf7 26. Nc4 Kf6 27. Rxd8 Rxd8 28. b4 Be7 29. Ne5 g5 30. Nc6 Rd7 31. Kb3 gxf4 32. gxf4 Rc7 33. Nd4 Bd6 34. Nb5 Rd7 35. Kc4 Bb8 36. Nd4 a6 37. h3 Rc7+ 38. Kb3 Rg7 39. Rf3 Bd6 40. Kc4 h5 41. Kd3 Rg2 42. Re3 e5 43. fxe5+ Bxe5 44. Nc6 Bd6 45. Re8 Rg3+ 46. Kc4 Rxh3 47. Rd8 Be7 48. Rb8 b5+ 49. axb5 axb5+ 50. Rxb5 f4 51. Nd4 Bd6 52. Rf5+ Ke7 53. b5 h4 54. Rh5 Kd7 55. b6 Rh1 56. Rh7+ Ke8 57. Kd5 Rb1 58. Kxd6 Rxb6+ 59. Ke5 Rg6 60. Kxf4 Rg3 61. Nf3 Rg2 62. c4 Rc2 63. Ne5 Rh2 64. c5 h3 65. c6 Kd8 66. c7+ Kc8 67. Nc4 Rf2+ 68. Ke5 Re2+ 69. Kd6 Kb7 70. Rh8 1-0

[Event "Titled Tuesday intern op 24th Sep Early"]
[Site "Chess.com INT"]
[Date "2024.09.24"]
[Round "4"]
[White "Bukreev, Stanislav"]
[Black "Mrudul, Dehankar"]
[Result "0-1"]
[WhiteElo "2384"]
[BlackElo "2036"]
[PlyCount "74"]
[EventDate "2024.09.24"]
[EventType "swiss (blitz)"]
[EventRounds "11"]
[EventCountry "USA"]
[SourceTitle "EXT 2025"]
[Source "ChessBase"]
[SourceDate "2024.10.14"]
[SourceVersion "1"]
[SourceVersionDate "2024.10.14"]
[SourceQuality "1"]

1. d4 Nf6 2. c4 e6 3. Nf3 Bb4+ 4. Nbd2 b6 5. a3 Bxd2+ 6. Qxd2 Bb7 7. e3 0-0 8. Bd3 Ne4 9. Qc2 f5 10. b4 d6 11. Bb2 Nd7 12. 0-0 Qe8 13. d5 Ndf6 14. Nd4 exd5 15. Nxf5 dxc4 16. Qxc4+ Rf7 17. Rad1 d5 18. Qc2 c5 19. bxc5 bxc5 20. Bxf6 Rxf6 21. Bxe4 Qxe4 22. Qxe4 dxe4 23. Nd6 Ba6 24. Rfe1 Bd3 25. Nb7 Rc8 26. Rc1 c4 27. Rc3 Rb6 28. Na5 Rb5 29. Nxc4 Rxc4 30. Rxc4 Bxc4 31. f3 Bd5 32. fxe4 Bxe4 33. Rc1 Rb2 34. Rc8+ Kf7 35. Rc7+ Kf6 36. Rxa7 Rxg2+ 37. Kh1 Rg4# 0-1